| 000 | 00870cgm a22002775a 4500 | ||
|---|---|---|---|
| 001 | 2864 | ||
| 005 | 20250815163406.0 | ||
| 020 | _a9780590761550 | ||
| 040 |
_aDLC _cDLC _eamim _beng |
||
| 050 | 0 | 0 | _aQC971.C23 |
| 082 | _a538.768 | ||
| 100 | _aCanizares, Susan | ||
| 245 | 0 | 4 |
_aThe Northern lights / _cby Canizares, Susan |
| 250 | _aPrinted in the U.S.A | ||
| 260 |
_c1998 _aNew York : _bScholastic , |
||
| 300 |
_a12 unnumbered pages : _bcolor illustrations ; _c19 cm. |
||
| 490 | _a Science Emergent Readers | ||
| 500 | _aSource(s) used: copyright data sheet; copyright data base. | ||
| 505 | _aA | ||
| 520 | _aFocuses on the beauty of the colors found in the northern lights. | ||
| 521 |
_a70
_bLexile |
||
| 521 |
_aA
_bRaz-Plus |
||
| 655 | 7 |
_aAnimation _2migfg |
|
| 906 |
_a0 _bcbc _corignew _du _encip _f20 _gy-movingim |
||
| 942 |
_2ddc _cBK _n0 |
||
| 999 |
_c2864 _d2864 |
||